000 02306nam2a2200385 4500
001 RU\NLR\BIBL_A\012181177
005 20260409075235.0
010 _a978-5-248-00931-2
035 _a(NLR Aleph) 012181177
090 _a12279890
_c12279890
100 _a20200117d2019 u y0rusy50 ca
101 0 _arus
_deng
102 _aRU
105 _aac z 000yy
200 1 _aМатериалы XVI Березенских чтений
_dProceedings of XVI Berezinsky readings
_zeng
210 _d2019
215 _a184 c.
_cил., портр.
_d21
300 _aРез. на англ. яз.
320 _aБиблиогр. в конце ст.
461 0 _1001RU\NLR\INFOCOMM55\5000194997
_12001#$aЯзыковое бытие человека и этноса: психолингвистический и когнитивный аспекты$eСб. ст.$fАлт. гос. ун-т, Алт. акад. экономики и права$vВып. 21
_92975793
_cБарнаул
_d2000-
_fАлт. гос. ун-т, Алт. акад. экономики и права
_nИзд-во Алт. акад. экономики и права
_oСб. ст.
_tЯзыковое бытие человека и этноса: психолингвистический и когнитивный аспекты
_vВып. 21
510 1 _aProceedings of XVI Berezinsky readings
_zeng
606 1 _aКогнитивная лингвистика
_jСъезды, совещания и т.п
_91523672
_3RU\NLR\AUTH\66662714
606 1 _aКартина мира (лингв.)
_jСъезды, совещания и т.п
_92410731
_3RU\NLR\AUTH\661436371
606 1 _aКоммуникативная лингвистика
_jСъезды, совещания и т.п
_91366505
_3RU\NLR\AUTH\66572162
606 _aДискурс (лингв.)
_jСъезды, совещания и т.п
_3RU\NLR\AUTH\661418476
_92377099
606 _aПеревод (лингв.)
_jСъезды, совещания и т.п
_3RU\NLR\AUTH\66701106
_91594424
686 1 _aШ100.4я431
686 1 _aШ100.0я431
686 1 _aШ107.7я431
710 1 2 _aМеждународные Березинские чтения
_d16
_eМосква
_f2019
_9691156
_3RU\NLR\AUTH\880515251
852 _aNLR
_jП25/376
942 _cISSUE
980 _aNB
980 _aRUSPER